Nông nghiệp và môi trường

Quyển sách trình bày những vấn đề về hệ sinh thái nông nghiệp, ảnh hưởng của các yếu tố sản xuất nông nghiệp đến hệ sinh thái nông nghiệp. Các hệ thống nông nghiệp và hệ thống canh tác. Các khái niệm về nền nông nghiệp sinh thái ho...

ver descrição completa

Na minha lista:
Detalhes bibliográficos
Autor principal: Lê, Văn Khoa
Formato: Livro
Idioma:Undetermined
Publicado em: Hà Nội Giáo Dục 1999
Assuntos:
Tags: Adicionar Tag
Sem tags, seja o primeiro a adicionar uma tag!
Thư viện lưu trữ: Trung tâm Học liệu Trường Đại học Cần Thơ
LEADER 01162nam a2200241Ia 4500
001 CTU_31149
008 210402s9999 xx 000 0 und d
020 |c 13000 
082 |a 631.583 
082 |b Kh401 
100 |a Lê, Văn Khoa 
245 0 |a Nông nghiệp và môi trường 
245 0 |c Lê Văn Khoa, Nguyễn Thế Truyền, Nguyễn Đức Lương 
260 |a Hà Nội 
260 |b Giáo Dục 
260 |c 1999 
520 |a Quyển sách trình bày những vấn đề về hệ sinh thái nông nghiệp, ảnh hưởng của các yếu tố sản xuất nông nghiệp đến hệ sinh thái nông nghiệp. Các hệ thống nông nghiệp và hệ thống canh tác. Các khái niệm về nền nông nghiệp sinh thái học, nông nghiệp, phân bón trong nông nghiệp,... 
526 |a Phì nhiêu đất B 
526 |b NN529 
650 |a Agricultural pollution,Agriculture,Rural health 
650 |x Environmental aspects 
904 |i Minh, Qhieu 
980 |a Trung tâm Học liệu Trường Đại học Cần Thơ